[Event "8th Mayors Cup Open 2015"]
[Site "Mumbai IND"]
[Date "2015.06.02"]
[Round "1.1"]
[White "Kokarev, Dmitry"]
[Black "Erigaisi, Arjun"]
[Result "1-0"]
[WhiteTitle "GM"]
[WhiteElo "2639"]
[BlackElo "2120"]
[WhiteFideId "4132181"]
[BlackFideId "35009192"]
[EventDate "2015.06.02"]

1. Nf3 Nf6 2. g3 g6 3. Bg2 Bg7 4. O-O O-O 5. c4 d6 6. Nc3 e5 7. d3 Nc6 8. Rb1
Bf5 9. Bg5 h6 10. Bxf6 Bxf6 11. b4 Qd7 12. Nd5 Bg7 13. Nd2 Nd8 14. Ne4 Bxe4 15.
Bxe4 Ne6 16. Bg2 c6 17. Nc3 f5 18. b5 Kh7 19. bxc6 bxc6 20. Qa4 e4 21. dxe4 Bxc3
22. exf5 Nc5 23. fxg6+ Kg7 24. Qa3 Bf6 25. Rbd1 Qc7 26. Qf3 Rae8 27. e3 Ne4 28.
Qg4 Nc3 29. Rd2 d5 30. cxd5 cxd5 31. h4 Qc8 32. Qb4 Qa6 33. Rc2 Qd3 34. Rfc1 d4
35. Kh2 Qxg6 36. exd4 Ne2 37. Rc7+ Rf7 38. R1c4 Ree7 39. R7c6 Qf5 40. d5 h5 41.
Qc5 Be5 42. d6 Re6 43. Rc7 Rxd6 44. f4 Nxf4 45. Rxf7+ Kxf7 46. Rxf4 Qxf4 47.
gxf4 Bxf4+ 48. Kg1 1-0

[Event "8th Mayors Cup Open 2015"]
[Site "Mumbai IND"]
[Date "2015.06.02"]
[Round "1.2"]
[White "Mahalakshmi, M"]
[Black "Pantsulaia, Levan"]
[Result "0-1"]
[WhiteTitle "WFM"]
[BlackTitle "GM"]
[WhiteElo "2117"]
[BlackElo "2616"]
[WhiteFideId "5001080"]
[BlackFideId "13602071"]
[EventDate "2015.06.02"]

1. d4 Nf6 2. c4 c5 3. d5 e6 4. Nc3 exd5 5. cxd5 d6 6. e4 g6 7. Nf3 Bg7 8. h3 O-O
9. Bd3 Re8 10. O-O Nbd7 11. Re1 Nh5 12. Bg5 Bf6 13. Be3 Ne5 14. Be2 Nxf3+ 15.
Bxf3 Ng7 16. Bf4 a6 17. a4 Rb8 18. a5 b5 19. axb6 Rxb6 20. Qc2 h5 21. Na4 Rb4
22. Bd2 a5 23. Bc3 Be5 24. Bxe5 Rxe5 25. Qc3 Qf6 26. b3 Bxh3 27. Nb2 Rd4 28.
Rxa5 Rg5 29. Nc4 Bg4 30. Kf1 h4 31. Bxg4 Rxg4 32. Ra6 Qg5 33. Ra8+ Kh7 34. Nxd6
Qf6 35. Nb5 h3 36. gxh3 Rf4 37. Nxd4 Rxf2+ 38. Kg1 Qf4 39. Nf3 Qg3+ 0-1

[Event "8th Mayors Cup Open 2015"]
[Site "Mumbai IND"]
[Date "2015.06.02"]
[Round "1.3"]
[White "Zubov, Alexander"]
[Black "Adhithya, S"]
[Result "1-0"]
[WhiteTitle "GM"]
[WhiteElo "2612"]
[BlackElo "2115"]
[WhiteFideId "14109409"]
[BlackFideId "5084326"]
[EventDate "2015.06.02"]

1. d4 Nf6 2. c4 g6 3. Nc3 d5 4. e3 Bg7 5. Qb3 c6 6. Nf3 O-O 7. Bd2 dxc4 8. Bxc4
b5 9. Be2 a6 10. a4 Bb7 11. O-O Nbd7 12. Rfd1 Qb8 13. Qc2 Rc8 14. b4 e5 15. Qb3
Rf8 16. Rac1 exd4 17. exd4 Ng4 18. h3 Nh6 19. Ne4 Nf5 20. Bc3 Qf4 21. Nc5 Nxc5
22. dxc5 Bxc3 23. Qxc3 Rae8 24. Bf1 Bc8 25. axb5 axb5 26. Re1 Be6 27. Ne5 Rc8
28. Rcd1 Ne7 29. Nd7 Bxd7 30. Rxe7 Bf5 31. g3 Qh6 32. g4 Be6 33. Bg2 Qg5 34. Ra7
Rcd8 35. Rd6 Rxd6 36. cxd6 Bd5 37. Qc5 Rd8 38. Re7 Qd2 39. d7 Qd1+ 40. Kh2 Bxg2
41. Kxg2 Rxd7 42. Re8+ Kg7 43. Qf8+ Kf6 44. Qh8+ Kg5 45. Re5+ f5 46. gxf5 Kf4
47. Re3 Qd5+ 48. Kg1 Qxf5 49. Qb8+ Kg5 50. Re5 Rd4 51. Qc7 Rc4 52. Rxf5+ Kxf5
53. Qxh7 Kf6 54. Qd7 g5 55. Kg2 Kg6 56. Qe6+ Kh5 57. Kg3 Rc3+ 58. f3 Rc4 59. Qf6
Rc1 60. Qg7 Rg1+ 61. Kh2 1-0

[Event "8th Mayors Cup Open 2015"]
[Site "Mumbai IND"]
[Date "2015.06.02"]
[Round "1.4"]
[White "Gokhale, Anupama"]
[Black "Aleksandrov, Aleksej"]
[Result "0-1"]
[WhiteTitle "WIM"]
[BlackTitle "GM"]
[WhiteElo "2105"]
[BlackElo "2607"]
[WhiteFideId "5001005"]
[BlackFideId "13500139"]
[EventDate "2015.06.02"]

1. d4 Nf6 2. Nf3 e6 3. e3 c5 4. Bd3 b6 5. O-O Bb7 6. Nbd2 Nc6 7. c3 h6 8. dxc5
bxc5 9. e4 d6 10. Bb5 Qc7 11. Re1 Rd8 12. Qe2 Nd7 13. Nf1 Be7 14. Bf4 g5 15. Bg3
g4 16. N3d2 h5 17. Ne3 Kf8 18. Bxc6 Qxc6 19. Nd5 Bg5 20. Bf4 Bh4 21. Ne3 Ba6 22.
Qd1 Ne5 23. Bxe5 dxe5 24. Qc2 Bd3 25. Qb3 Kg7 26. Nec4 f6 27. Na5 Qc8 28. c4 Bg5
29. Rad1 Rd4 30. Qc3 Bxd2 31. Rxd2 Bxe4 32. Rxd4 cxd4 33. Qb4 Qa8 34. Qe7+ Kg6
35. Qxe6 Re8 36. Qd6 Bxg2 37. f4 exf4 38. Rxe8 Qxe8 39. Kxg2 Qe2+ 40. Kg1 Qe1+
41. Kg2 f3# 0-1

[Event "8th Mayors Cup Open 2015"]
[Site "Mumbai IND"]
[Date "2015.06.02"]
[Round "1.5"]
[White "Gagunashvili, Merab"]
[Black "Praggnanandhaa, R"]
[Result "1/2-1/2"]
[WhiteTitle "GM"]
[BlackTitle "FM"]
[WhiteElo "2600"]
[BlackElo "2103"]
[WhiteFideId "13601652"]
[BlackFideId "25059530"]
[EventDate "2015.06.02"]

1. d4 d5 2. c4 e6 3. Nc3 Nf6 4. Nf3 Be7 5. Bf4 O-O 6. e3 Nbd7 7. Be2 dxc4 8.
Bxc4 Nb6 9. Bd3 Nbd5 10. Bg3 c5 11. O-O cxd4 12. Nxd5 exd5 13. Nxd4 Bg4 14. Qb3
Qb6 15. Qxb6 axb6 16. a3 Rfc8 17. Rfc1 Ne4 18. Rc7 Rxc7 19. Bxc7 Nc5 20. Bb5 Bd8
21. Bxd8 Rxd8 22. Rc1 Kf8 23. f3 Bd7 24. Be2 Ne6 25. Nb5 Bc6 26. Kf2 Ke7 27. Na7
Bd7 28. Bb5 Bxb5 29. Nxb5 f6 30. Rd1 Rd7 31. Rd2 Rd8 32. g4 Rd7 33. h4 Rd8 34.
h5 Rd7 35. Nc3 Nc7 36. Rd4 Rd6 37. f4 Ke6 38. Kf3 Ke7 39. Rd2 Rd7 40. Ne2 Ne6
41. Ng3 Ke8 42. Rd3 g6 43. Ne2 gxh5 44. gxh5 Nc5 45. Rd1 Ne6 46. h6 Kf7 47. Nc3
Nc7 48. f5 Kf8 49. Na4 Rd6 50. Rc1 Rc6 51. Rxc6 bxc6 52. Nxb6 Ke7 53. e4 Kd6 54.
exd5 cxd5 55. Kf4 Kc6 56. Na4 Nb5 57. Nc3 Nd6 58. b3 Kc5 59. Ne2 Nf7 60. Ng3
Nxh6 61. Nh5 Ng8 62. Kf3 Ne7 63. Kg4 Ng8 64. Kf4 Kb5 65. Ng7 Kc6 66. Ke3 Ne7 67.
Kf4 Ng8 68. Ne6 Ne7 69. a4 h5 70. b4 Kb6 71. Nc5 Kc6 72. Ne6 Kb6 73. Nf8 Kc7 74.
b5 h4 75. Ne6+ Kb6 76. Nd4 h3 77. Kg3 Kc5 78. Nb3+ Kb6 79. Nd4 Kc5 80. Nb3+ Kb6
81. Kxh3 Nxf5 82. Kg4 Nd6 83. Nd4 Kc5 84. Ne6+ Kb6 85. Nf4 Nxb5 86. Nxd5+ 1/2-1/2

[Event "8th Mayors Cup Open 2015"]
[Site "Mumbai IND"]
[Date "2015.06.02"]
[Round "1.6"]
[White "Phadke, Sohan"]
[Black "Mchedlishvili, Mikheil"]
[Result "0-1"]
[BlackTitle "GM"]
[WhiteElo "2097"]
[BlackElo "2597"]
[WhiteFideId "5016223"]
[BlackFideId "13600966"]
[EventDate "2015.06.02"]

1. e4 c5 2. Nf3 d6 3. d4 cxd4 4. Nxd4 Nf6 5. Nc3 e6 6. Bc4 Be7 7. Bb3 O-O 8. f4
Na6 9. Qf3 Nc5 10. Be3 a6 11. g4 Qc7 12. g5 Nfd7 13. O-O-O b5 14. Bd5 Bb7 15.
Bxb7 Qxb7 16. e5 d5 17. Rdg1 b4 18. Nce2 a5 19. Ng3 b3 20. axb3 a4 21. b4 Ne4
22. b5 a3 23. b3 a2 24. Kb2 a1=Q+ 25. Rxa1 Rxa1 0-1

[Event "8th Mayors Cup Open 2015"]
[Site "Mumbai IND"]
[Date "2015.06.02"]
[Round "1.7"]
[White "Kravtsiv, Martyn"]
[Black "Bhambure, Shantanu"]
[Result "1-0"]
[WhiteTitle "GM"]
[WhiteElo "2589"]
[BlackElo "2093"]
[WhiteFideId "14113147"]
[BlackFideId "5025931"]
[EventDate "2015.06.02"]

1. b3 d5 2. Bb2 Bf5 3. Nf3 e6 4. d3 Nf6 5. g3 h6 6. Bg2 Be7 7. O-O O-O 8. Nbd2
c5 9. Ne5 Bh7 10. e4 d4 11. a4 Nfd7 12. Nec4 e5 13. f4 Nc6 14. Nf3 exf4 15. gxf4
f5 16. e5 Nb6 17. Nxb6 Qxb6 18. Nd2 Rad8 19. Ba3 Qc7 20. Nc4 g5 21. h3 Kg7 22.
Qe2 Qc8 23. Rae1 Bg8 24. Nd6 Bxd6 25. exd6 b6 26. Bc1 g4 27. hxg4 Rxd6 28. gxf5
Bh7 29. Rf3 Bxf5 30. Rg3+ Kh8 31. Qh5 Re6 32. Kh2 Qe8 33. Qh4 Qe7 34. Qxe7 Nxe7
35. Bd2 Rxe1 36. Bxe1 Ng6 37. Bd2 Kh7 38. a5 Re8 39. Bf3 Nh4 40. Bh5 Re6 41. Rg1
b5 42. b4 c4 43. dxc4 bxc4 44. c3 dxc3 45. Bxc3 Ng6 46. b5 Re3 47. Bxg6+ Bxg6
48. Bd4 Re2+ 49. Kh3 Bf5+ 50. Kg3 Re7 51. Kf2 Rd7 52. Be5 Rd2+ 53. Ke1 Rd7 54.
b6 axb6 55. axb6 Be4 56. Rg3 h5 57. Re3 Bb7 58. f5 Rf7 59. Bc3 Kh6 60. f6 h4 61.
Kf2 Kg6 62. Re8 Rh7 63. Kg1 Rf7 64. Kh2 Rd7 65. Rg8+ Kf7 66. Rg4 Bd5 67. Rxh4
Ke6 68. Rh8 Rb7 69. Bd4 Rd7 70. Rc8 Kf7 71. Bc3 Be6 72. Ra8 Bd5 73. Ra7 Ke6 74.
Kg3 Bb7 75. Kf4 Rh7 76. Kg5 Rd7 77. Ra1 Kf7 78. Re1 Bc6 79. Kf4 Bb7 80. Rg1 Ke6
81. Rg7 Bd5 82. Be5 Rb7 83. Rxb7 Bxb7 84. Ke3 Kd7 85. Kd4 Ba6 86. Kc5 Ke6 87.
Kc6 Kf7 88. Bc3 Ke6 89. b7 1-0

[Event "8th Mayors Cup Open 2015"]
[Site "Mumbai IND"]
[Date "2015.06.02"]
[Round "1.8"]
[White "Kulkarni, Vinayak"]
[Black "Smirnov, Pavel"]
[Result "0-1"]
[BlackTitle "GM"]
[WhiteElo "2093"]
[BlackElo "2588"]
[WhiteFideId "5021332"]
[BlackFideId "4123425"]
[EventDate "2015.06.02"]

1. d4 Nf6 2. c4 e6 3. Nc3 Bb4 4. e3 O-O 5. Ne2 c6 6. a3 Ba5 7. Ng3 d5 8. cxd5
exd5 9. Bd3 Re8 10. O-O Nbd7 11. b4 Bc7 12. b5 Nf8 13. bxc6 bxc6 14. Qc2 h5 15.
Re1 h4 16. Nf1 Ne6 17. Ne2 h3 18. Qxc6 hxg2 19. Kxg2 Ng5 20. f4 Bh3+ 21. Kh1
Nfe4 22. Bxe4 Nxe4 23. Kg1 Ba5 24. Rd1 Qh4 25. Neg3 Bxf1 26. Nxe4 Be2 27. Bd2
dxe4 28. Bxa5 Qg4+ 29. Kf2 Bxd1 30. Ra2 Rac8 0-1

[Event "8th Mayors Cup Open 2015"]
[Site "Mumbai IND"]
[Date "2015.06.02"]
[Round "1.9"]
[White "Paichadze, Luka"]
[Black "Thipsay, Bagyashree Sathe"]
[Result "1/2-1/2"]
[WhiteTitle "GM"]
[BlackTitle "WIM"]
[WhiteElo "2558"]
[BlackElo "2092"]
[WhiteFideId "13602934"]
[BlackFideId "5001013"]
[EventDate "2015.06.02"]

1. e4 c6 2. Nc3 d5 3. Nf3 Bg4 4. h3 Bxf3 5. Qxf3 Nf6 6. d3 e6 7. g4 Bb4 8. a3
Qa5 9. Bd2 Nbd7 10. Rb1 Bxc3 11. Bxc3 Qc5 12. e5 Ng8 13. d4 Qb6 14. Bd3 Ne7 15.
b4 O-O 16. Qe3 Rae8 17. g5 Nf5 18. Qf4 c5 19. Bxf5 exf5 20. O-O cxd4 21. Bxd4
Qg6 22. Kh2 Rc8 23. c3 Rfe8 24. Qg3 b6 25. f4 Nf8 26. Rbd1 Rc4 27. Rd3 Qc6 28.
h4 g6 29. h5 1/2-1/2

[Event "8th Mayors Cup Open 2015"]
[Site "Mumbai IND"]
[Date "2015.06.02"]
[Round "1.10"]
[White "Pruthu, Deshpande"]
[Black "Debashis, Das"]
[Result "0-1"]
[BlackTitle "GM"]
[WhiteElo "2084"]
[BlackElo "2508"]
[WhiteFideId "25015095"]
[BlackFideId "5024854"]
[EventDate "2015.06.02"]

1. d4 Nf6 2. Bg5 d5 3. Bxf6 gxf6 4. c4 e5 5. e3 dxc4 6. Bxc4 exd4 7. exd4 Nc6 8.
Ne2 f5 9. Nbc3 Bd6 10. Qd2 Qf6 11. Qe3+ Kd8 12. O-O-O a6 13. Nd5 Qg7 14. Rhe1
Bd7 15. Qh3 Kc8 16. Bd3 Qg5+ 17. f4 Qg4 18. Qxg4 fxg4 19. Nf6 h5 20. Nxd7 Kxd7
21. Bf5+ Kd8 22. g3 Ne7 23. Be4 c6 24. h4 Kd7 25. Nc3 Rh6 26. Bc2 Rf8 27. Ne4
Nd5 28. Bb3 Re8 29. Bxd5 cxd5 30. Nc3 Rhe6 31. Rxe6 Rxe6 32. Kd2 Bb4 33. Rb1
Bxc3+ 34. bxc3 b5 35. Re1 Re4 36. Rxe4 dxe4 37. f5 Kd6 38. Ke3 Kd5 39. Kf4 b4
40. c4+ Kxd4 41. c5 e3 42. c6 e2 43. c7 e1=Q 44. c8=Q Qe3# 0-1

[Event "8th Mayors Cup Open 2015"]
[Site "Mumbai IND"]
[Date "2015.06.02"]
[Round "1.11"]
[White "Rahman, Ziaur"]
[Black "Parnali, S Dharia"]
[Result "1-0"]
[WhiteTitle "GM"]
[BlackTitle "WIM"]
[WhiteElo "2500"]
[BlackElo "2077"]
[WhiteFideId "10200037"]
[BlackFideId "5043131"]
[EventDate "2015.06.02"]

1. Nf3 d5 2. g3 Nf6 3. Bg2 e6 4. O-O Be7 5. c4 O-O 6. d4 Nbd7 7. Qc2 c6 8. b3
Re8 9. Nc3 b5 10. c5 e5 11. dxe5 Ng4 12. e4 d4 13. Nxd4 Bxc5 14. Nce2 Qb6 15.
Bb2 Ngxe5 16. Kh1 Bb7 17. Rad1 Nf6 18. f3 Bf8 19. Nf5 c5 20. f4 Neg4 21. h3 g6
22. hxg4 gxf5 23. Bxf6 Qxf6 24. g5 Qg6 25. e5 Bxg2+ 26. Kxg2 h6 27. gxh6 f6 28.
h7+ Kxh7 29. Rh1+ Kg8 30. Qd3 a6 31. Qd5+ Kg7 32. Qb7+ Kg8 33. Rd7 fxe5 34. fxe5
Rab8 35. Qd5+ Qe6 36. Nf4 Qxd5+ 37. Nxd5 Bg7 38. Nf6+ Bxf6 39. exf6 Rf8 40. Rg7# 1-0

[Event "8th Mayors Cup Open 2015"]
[Site "Mumbai IND"]
[Date "2015.06.02"]
[Round "1.12"]
[White "Jayakumaar, S"]
[Black "Azaladze, Shota"]
[Result "1/2-1/2"]
[BlackTitle "IM"]
[WhiteElo "2072"]
[BlackElo "2499"]
[WhiteFideId "5090997"]
[BlackFideId "13603027"]
[EventDate "2015.06.02"]

1. e4 g6 2. d4 Bg7 3. Nc3 c6 4. h3 d6 5. Be3 Qb6 6. Qd2 Qxb2 7. Rb1 Qa3 8. Bc4
Qa5 9. f4 b5 10. Nxb5 Qxd2+ 11. Kxd2 Na6 12. Nc3 Nc7 13. Nge2 Nf6 14. e5 Nd7 15.
Bb3 Nb6 16. a4 Ba6 17. Ne4 Rd8 18. a5 Nbd5 19. c4 Nxe3 20. Kxe3 O-O 21. Rhd1
Rfe8 22. g4 Rb8 23. Ba2 Rxb1 24. Rxb1 c5 25. d5 Kf8 26. Kf3 Rd8 27. exd6 exd6
28. f5 Be5 29. N2c3 gxf5 30. gxf5 Bc8 31. Nb5 Nxb5 32. cxb5 Bxf5 33. b6 axb6 34.
Rxb6 Ra8 35. a6 c4 36. Bxc4 Bxh3 37. Nxd6 h5 38. Nb5 Bg4+ 39. Ke4 Re8 40. Kd3 h4
41. a7 h3 42. d6 Be2+ 43. Kxe2 Bd4+ 44. Kd2 Bxb6 45. Nc7 Bxa7 46. Nxe8 Kxe8 47.
d7+ Kxd7 48. Bxf7 Kd6 49. Bh5 h2 50. Bf3 1/2-1/2

[Event "8th Mayors Cup Open 2015"]
[Site "Mumbai IND"]
[Date "2015.06.02"]
[Round "1.13"]
[White "Abdulla, Al-Rakib"]
[Black "Sammed Jaykumar, Shete"]
[Result "0-1"]
[WhiteTitle "GM"]
[WhiteElo "2498"]
[BlackElo "2071"]
[WhiteFideId "10200444"]
[BlackFideId "5073421"]
[EventDate "2015.06.02"]

1. d4 Nf6 2. Nf3 g6 3. c3 Bg7 4. Bg5 O-O 5. Nbd2 d5 6. e3 b6 7. Bd3 Bb7 8. O-O
Nbd7 9. Bh4 Re8 10. Ne5 Nxe5 11. dxe5 Ne4 12. f4 Nxd2 13. Qxd2 f6 14. e6 f5 15.
g4 d4 16. gxf5 dxe3 17. Qxe3 Qd5 18. Qh3 Qc5+ 19. Bf2 Qd5 20. Bd4 Bxd4+ 21. cxd4
Qxd4+ 22. Rf2 Qd5 23. Re2 Rf8 24. Rae1 Rad8 25. Re3 gxf5 26. Rg3+ Kh8 27. Ree3
Qc5 28. Qh6 Rg8 29. Kf1 Rxd3 30. Rxd3 Ba6 0-1

[Event "8th Mayors Cup Open 2015"]
[Site "Mumbai IND"]
[Date "2015.06.02"]
[Round "1.14"]
[White "Gugulashvili, Tamaz"]
[Black "Deepan, Chakkravarthy J."]
[Result "0-1"]
[BlackTitle "GM"]
[WhiteElo "2066"]
[BlackElo "2497"]
[WhiteFideId "13603639"]
[BlackFideId "5011132"]
[EventDate "2015.06.02"]

1. d4 Nf6 2. Nf3 g6 3. g3 Bg7 4. Bg2 O-O 5. O-O d6 6. c4 Nbd7 7. Nc3 e5 8. dxe5
dxe5 9. Qc2 c6 10. Rd1 Qe7 11. b3 Re8 12. Nd2 Nf8 13. Nde4 Nxe4 14. Nxe4 Bf5 15.
Bb2 Ne6 16. Bc3 Nd4 17. Qb2 Rad8 18. e3 Bg4 19. exd4 Bxd1 20. Rxd1 f5 21. Nc5
exd4 22. Rxd4 Bxd4 23. Bxd4 h6 24. Be3 b6 25. Bf1 Kh7 26. Nd3 Qg7 27. Qxg7+ Kxg7
28. c5 b5 29. Bf4 Rd5 30. Bd6 a5 31. f4 Re3 32. Ne5 Rd2 33. Nxc6 Rxa2 34. Na7 a4
35. bxa4 bxa4 36. c6 Rc2 37. c7 a3 38. c8=Q Rxc8 39. Bxa3 Rc2 40. Nb5 Kh7 41.
Bb4 Rb2 42. Bc5 Re1 43. Na3 Ra2 44. Bb4 Rd1 45. Nc4 Ra4 46. Ne3 Rxf1+ 47. Kxf1
Rxb4 48. h4 Rb5 49. Kf2 Kg7 50. Kf3 Kf6 51. Kf2 Ke6 52. Kf3 Rb2 53. Nc4 Ra2 54.
Ne3 Ra4 55. Kf2 h5 56. Nf1 Ra2+ 57. Ke3 Kd5 58. Nd2 Ra3+ 59. Kf2 Kd4 60. Nf3+
Rxf3+ 61. Kxf3 Kd3 62. Kf2 Kd2 63. Kf3 Ke1 64. Kg2 Ke2 65. Kh1 Kf3 66. Kh2 Kf2
67. Kh3 Kg1 0-1

[Event "8th Mayors Cup Open 2015"]
[Site "Mumbai IND"]
[Date "2015.06.02"]
[Round "1.15"]
[White "Sivuk, Vitaly"]
[Black "Senthil, Maran K"]
[Result "1-0"]
[WhiteTitle "GM"]
[WhiteElo "2491"]
[BlackElo "2063"]
[WhiteFideId "14116502"]
[BlackFideId "25035681"]
[EventDate "2015.06.02"]

1. d4 d5 2. c4 e6 3. Nc3 Be7 4. cxd5 exd5 5. Bf4 c6 6. e3 Qb6 7. Qd2 Bf5 8. f3
Nd7 9. Nge2 g5 10. Bg3 Ngf6 11. Bf2 O-O-O 12. Ng3 Bg6 13. Bd3 g4 14. Nf5 Rde8
15. Rc1 gxf3 16. gxf3 Rhg8 17. Bg3 Bf8 18. Kf2 h5 19. a3 Bxf5 20. Bxf5 Bh6 21.
Rhe1 Rg5 22. Bh3 h4 23. Bd6 Rg6 24. Na4 Qb5 25. Nc5 Kd8 26. Qa5+ Qb6 27. Qc3
Reg8 28. b4 Nf8 29. Rg1 Ne8 30. Be5 f6 31. Bb8 Ke7 32. Rxg6 Rxg6 33. Qc2 Qd8 34.
Bf4 Bxf4 35. exf4 Qc7 36. Ne6 Nxe6 37. Qxg6 Qxf4 38. Re1 Qxh2+ 39. Qg2 Qxg2+ 40.
Kxg2 Nc7 41. Bxe6 Nxe6 42. Kh3 f5 43. Kxh4 Kf6 44. Rd1 Nf4 45. Rd2 Ne6 46. Rd1
Nf4 47. Kg3 Ne2+ 48. Kf2 Nc3 49. Rd3 Nb5 50. Ke3 Kg5 51. a4 Nd6 52. Rd1 Nc4+ 53.
Ke2 a5 54. bxa5 Nxa5 55. Rb1 Kf4 56. Kf2 Kg5 57. Kg3 f4+ 58. Kh3 Kh5 59. Rb4 Kg5
60. Rb2 Kh5 61. Rb1 Kg5 62. Rg1+ Kf5 63. Rg7 b5 64. Ra7 Nc4 65. a5 b4 66. a6 Nd6 1-0

[Event "8th Mayors Cup Open 2015"]
[Site "Mumbai IND"]
[Date "2015.06.02"]
[Round "1.16"]
[White "Boricha, Ketan"]
[Black "Nguyen, Duc Hoa"]
[Result "0-1"]
[BlackTitle "GM"]
[WhiteElo "2049"]
[BlackElo "2487"]
[WhiteFideId "5008719"]
[BlackFideId "12401358"]
[EventDate "2015.06.02"]

1. e4 c5 2. c3 d5 3. exd5 Qxd5 4. Nf3 Nc6 5. Na3 Bf5 6. d4 cxd4 7. Bc4 Qe4+ 8.
Be3 O-O-O 9. cxd4 e5 10. O-O exd4 11. Bg5 f6 12. Re1 Qg4 13. h3 Qh5 14. Bf4 g5
15. Bg3 Bxa3 16. Qa4 Bxb2 17. Ba6 Nge7 18. Rxe7 Nxe7 19. Qc4+ Kd7 20. Bb5+ Nc6
21. Qd5+ Ke7 22. Re1+ Kf8 23. Qxf5 Qg6 24. Qc5+ Kg7 25. Bxc6 bxc6 26. Re7+ Kh6
27. Nh4 Rd5 28. Nxg6 Rxc5 29. Nxh8 Rd5 30. f4 d3 31. Be1 Ba3 32. Re6 Kg7 33.
fxg5 Kxh8 34. gxf6 Kg8 35. Bd2 Bd6 36. Re8+ Kf7 37. Rh8 h5 38. Kf2 Kxf6 39. Kf3
a5 40. Ke4 Ke6 41. Rh6+ Kd7 42. Rh7+ Kc8 43. g4 hxg4 44. hxg4 Bb4 45. Rh2 Kc7
46. Rg2 Kb6 47. Bxb4 axb4 48. Rd2 Rg5 49. Kf4 Ra5 50. g5 c5 51. g6 c4 52. g7 Ra8
53. Rg2 Kc5 54. Ke3 d2 55. Rg1 0-1

[Event "8th Mayors Cup Open 2015"]
[Site "Mumbai IND"]
[Date "2015.06.02"]
[Round "1.17"]
[White "Semcesen, Daniel"]
[Black "Saurabh, Anand"]
[Result "1-0"]
[WhiteTitle "GM"]
[WhiteElo "2471"]
[BlackElo "2049"]
[WhiteFideId "1706993"]
[BlackFideId "5094496"]
[EventDate "2015.06.02"]

1. d4 Nf6 2. c4 e6 3. Nc3 Bb4 4. Qc2 O-O 5. e4 d5 6. e5 Ne4 7. a3 Bxc3+ 8. bxc3
c5 9. Bb2 cxd4 10. cxd4 Qa5+ 11. Ke2 f6 12. f3 Ng5 13. h4 Nf7 14. exf6 gxf6 15.
Kf2 b5 16. cxb5 Bd7 17. Bd3 f5 18. a4 Rc8 19. Qe2 Nd6 20. Nh3 Nc4 21. Rhc1 Nxb2
22. Qxb2 Rxc1 23. Rxc1 Qb6 24. Qc3 a6 25. Nf4 axb5 26. axb5 Ra4 27. Ne2 Kg7 28.
Qc5 Qd8 29. g3 Kf7 30. Qd6 Qf8 31. Qe5 Ra7 32. Rc2 Rb7 33. Bxf5 Rxb5 34. Bxh7
Qg7 35. Qxg7+ Kxg7 36. Bd3 Rb7 37. g4 Nc6 38. Ke3 e5 39. dxe5 Nxe5 40. Nd4 Ra7
41. Be2 Ra3+ 42. Kf4 Nf7 43. Rc7 Ra4 44. Rxd7 Rxd4+ 45. Ke3 Ra4 46. Rxd5 Rb4 47.
Rd2 Ra4 48. Kf2 Ne5 49. Kg3 Ng6 50. Rd7+ Kf8 51. h5 Nf4 52. Bf1 Kg8 53. Rc7 Ne6
54. Bc4 Kh8 55. Rc8+ 1-0

[Event "8th Mayors Cup Open 2015"]
[Site "Mumbai IND"]
[Date "2015.06.02"]
[Round "1.18"]
[White "Sudarshan, Malga"]
[Black "Priyadharshan, K."]
[Result "0-1"]
[BlackTitle "IM"]
[WhiteElo "2047"]
[BlackElo "2462"]
[WhiteFideId "5028736"]
[BlackFideId "5018293"]
[EventDate "2015.06.02"]

1. c4 c5 2. Nc3 Nc6 3. g3 g6 4. Bg2 Bg7 5. e4 Nf6 6. Nge2 O-O 7. O-O Ne8 8. d3
Nc7 9. Be3 Ne6 10. Rb1 Ned4 11. a3 a5 12. Qa4 d6 13. b4 Bg4 14. Bxd4 cxd4 15. h3
axb4 16. Qc2 dxc3 17. hxg4 Rxa3 18. e5 Qa5 19. Bxc6 bxc6 20. Nd4 c5 21. Nb3 Qa8
22. exd6 exd6 23. d4 cxd4 24. Qd3 Rc8 25. Ra1 d5 26. c5 Qa4 0-1

[Event "8th Mayors Cup Open 2015"]
[Site "Mumbai IND"]
[Date "2015.06.02"]
[Round "1.21"]
[White "Swayams, Mishra"]
[Black "Nitin, Warde"]
[Result "1-0"]
[WhiteTitle "IM"]
[WhiteElo "2439"]
[BlackElo "2038"]
[WhiteFideId "5028183"]
[BlackFideId "5024293"]
[EventDate "2015.06.02"]

1. d4 Nf6 2. c4 e6 3. Nc3 Bb4 4. e3 O-O 5. Ne2 b6 6. a3 Be7 7. d5 e5 8. g3 d6 9.
Bg2 a5 10. O-O Na6 11. Rb1 Bf5 12. e4 Bd7 13. f4 Bg4 14. h3 Bxe2 15. Qxe2 Nc5
16. Be3 Nfd7 17. b3 Bf6 18. f5 Bg5 19. Bf2 Bh6 20. h4 f6 21. Kh1 Kf7 22. Rg1 Ke7
23. Bh3 Qe8 24. Nb5 Kd8 25. b4 Nb7 26. Qd1 Rf7 27. Bf1 Nb8 28. c5 bxc5 29. bxc5
dxc5 30. d6 cxd6 31. Nxd6 Nxd6 32. Qxd6+ Nd7 33. Bxc5 Qf8 34. Qd5 1-0

[Event "8th Mayors Cup Open 2015"]
[Site "Mumbai IND"]
[Date "2015.06.02"]
[Round "1.23"]
[White "Prasanna, Raghuram Rao"]
[Black "Manush, Shah"]
[Result "1-0"]
[WhiteTitle "IM"]
[WhiteElo "2424"]
[BlackElo "2020"]
[WhiteFideId "5022401"]
[BlackFideId "5040680"]
[EventDate "2015.06.02"]

1. d4 d5 2. Nf3 c6 3. c4 Nf6 4. Nc3 e6 5. e3 Nbd7 6. Bd3 dxc4 7. Bxc4 b5 8. Be2
Bb7 9. O-O a6 10. e4 b4 11. e5 bxc3 12. exf6 gxf6 13. bxc3 Qc7 14. Rb1 c5 15.
Bf4 Qc8 16. Re1 Be7 17. Bd3 f5 18. Qe2 Bf6 19. Bxf5 O-O 20. Bc2 Rd8 21. Ng5 Nf8
22. Qh5 Bxg5 23. Qxg5+ Ng6 24. Be3 Qd7 25. Bxg6 fxg6 26. Qf6 1-0

[Event "8th Mayors Cup Open 2015"]
[Site "Mumbai IND"]
[Date "2015.06.02"]
[Round "1.25"]
[White "Himanshu, Sharma"]
[Black "Sa, Kannan"]
[Result "0-1"]
[WhiteTitle "IM"]
[WhiteElo "2420"]
[BlackElo "2003"]
[WhiteFideId "5007836"]
[BlackFideId "5018340"]
[EventDate "2015.06.02"]

1. e4 c5 2. Nc3 Nc6 3. Nge2 e6 4. d4 cxd4 5. Nxd4 Bb4 6. Nxc6 bxc6 7. Bd3 d5 8.
O-O Ne7 9. Na4 dxe4 10. Bxe4 Ba6 11. Bd3 Bxd3 12. cxd3 O-O 13. Qg4 Nd5 14. Bg5
Be7 15. h4 Rb8 16. Rac1 f5 17. Bxe7 Qxe7 18. Qg5 Qd6 19. Rfe1 Rb4 20. Rc4 Nf4
21. Nc5 Rxc4 22. dxc4 h6 23. Qg3 Ne2+ 24. Rxe2 Qd1+ 25. Kh2 Qxe2 26. Nd7 f4 27.
Qg6 Rf7 28. f3 Qe1 29. Nc5 Qxh4+ 30. Kg1 Qe1+ 31. Kh2 Qe5 32. Nxe6 Re7 33. Nd8
Qe1 34. Qg4 Re5 35. b4 Qe2 36. c5 Qxa2 37. b5 Qd5 38. Nxc6 Rh5+ 39. Kg1 Qd1+ 40.
Kf2 Qd2+ 0-1